| 000 | 01002nam a2200289 a 4500 | ||
|---|---|---|---|
| 001 | 000048247 | ||
| 003 | DO-SdBNP | ||
| 005 | 20230330104735.0 | ||
| 007 | ta | ||
| 008 | 181210s2015 pr 000 j spa d | ||
| 020 | _a9789945581546 | ||
| 040 |
_aDO-SdBNP _bspa _cBNPHU |
||
| 082 | 4 |
_aPR863.44 _bM393k _222 |
|
| 100 | 1 |
_aMarzán Ramos, Jaime L., _d1945- _969168 |
|
| 245 | 1 | 0 |
_aKuolema : _bcuentos que se escapan de la muerte / _cJaime L. Marzán Ramos ; corrección Diana Arocho. |
| 260 |
_aSan Juan, Puerto Rico, _aSanto Domingo : _bIsla Negra Editores, _c2015. |
||
| 300 |
_a114 p. ; _c22 cm. |
||
| 490 | 1 | _aEl rostro y la máscara | |
| 500 | _aIncluye datos biográficos del autor en la solapa de la cubierta | ||
| 590 | _aInventariado, 2019/LP | ||
| 650 | 4 |
_aCuentos puertorriqueños _9249 |
|
| 650 | 4 | _aLiteratura puertorriqueña | |
| 700 | 1 |
_aArocho, Diana, _ecorrección _975684 |
|
| 830 | 0 | _aEl rostro y la máscara | |
| 910 | _aValidado. Control de calidad MFF | ||
| 942 |
_2ddc _cLBS1 |
||
| 999 |
_c47735 _d47735 |
||